000 00928nam a2200313Ia 4500
001 56553
005 20230410133015.0
008 040213s2002 caua 000 0 eng d
035 _a(OCoLC)ocm54411484
040 _aBHC
_cBHC
_dBAKER
_dYDXCP
020 _a0939693569
020 _a9780939693566
035 _a(OCoLC)54411484
050 1 4 _aBD21
_b.E57s 1996
082 4 _a100
049 _aGRAL
100 1 _aEngel, S. Morris,
_d1931-
245 1 4 _aThe study of philosophy /
_cS. Morris Engel.
250 _a5th ed.
260 _aSan Diego, Calif. :
_bCollegiate Press,
_cc2002.
300 _axiv, 413 p. :
_bill. ;
_c24 cm.
504 _aIncludes bibliographical references and index.
650 0 _aPhilosophy.
938 _aBaker & Taylor
_bBKTY
_c59.95
_d59.95
_i0939693569
_n0004031210
_sactive
938 _aYBP Library Services
_bYANK
_n2472204
942 _2lcc
_cbk
994 _aC0
_bDRFGD
946 _aLspaulino
999 _c91715
_d91715